Car Models 9 - Statistics

General Stats
  • This quiz has been taken 25 times
  • The average score is 7 of 16
Answer Stats
Picture Answer % Correct
Lamborghini Gallardo
76%
Kia Stinger
71%
Porsche Panamera
67%
Aston Martin Vulcan
52%
Dacia Sandero
52%
Saab 9-3
52%
Toyota Rav4
52%
BMW 2002
48%
Volkswagen ID.4
48%
Ford Capri
43%
Ford Falcon
33%
Buick Regal
24%
Mitsubishi Lancer Evo XI
19%
Chevrolet Traverse
14%
Peugeot 504
14%
Renault 16
5%
No matching quizzes found
Score Distribution
Percent of People with Each Score
Percentile by Number Answered
Your Score History
You have not taken this quiz